| 000 | 00782cab a22001935a 4500 | ||
|---|---|---|---|
| 001 | E148091 | ||
| 008 | 090722e20090606stko f 000 0 eng d | ||
| 035 | _a(Sirsi) u148091 | ||
| 041 | 0 | _aeng | |
| 100 | 1 | _aAllen, Tim | |
| 245 | 0 | 2 | _aA recurring tug-of-war |
| 260 | _c2009 | ||
| 490 |
_aEstates Gazette _v(0922) 6 June 2009, 114-115(2) |
||
| 520 | _aDiscusses rent review clauses and bases of valuation, including "open market rent", "fair rent" and "best rent". Also looks at the effect of tenant alterations and onerous terms. Emphasises the need for rent review clauses to be well drafted so that conflicts are avoided later on. | ||
| 590 | _aKA | ||
| 651 | 4 |
_aEngland and Wales _y1543- |
|
| 690 | _aPROPERTY-LANDLORD AND TENANT-TENANCIES-TENANCY RENT REVIEW | ||
| 942 | _n0 | ||
| 999 |
_c81725 _d81725 |
||